Surface water supply for Hudson, Passaic, Raritan, and Delaware river drainages, 1906. (Record no. 24687)
[ view plain ]
| 000 -LEADER | |
|---|---|
| fixed length control field | 01201cam a22002771 4500 |
| 001 - CONTROL NUMBER | |
| control field | gs 07001541 |
| 003 - CONTROL NUMBER IDENTIFIER | |
| control field | DLC |
| 005 - DATE AND TIME OF LATEST TRANSACTION | |
| control field | 20260227111307.0 |
| 008 - FIXED-LENGTH DATA ELEMENTS--GENERAL INFORMATION | |
| fixed length control field | 840925s1907 dcuabf f000 0 eng c |
| 010 ## - LIBRARY OF CONGRESS CONTROL NUMBER | |
| LC control number | gs 07001541 |
| 035 ## - SYSTEM CONTROL NUMBER | |
| System control number | (OCoLC)11195318 |
| 040 ## - CATALOGING SOURCE | |
| Original cataloging agency | U.S. Geol. survey. Library |
| Transcribing agency | CLS |
| Modifying agency | OCoLC |
| -- | DLC |
| 042 ## - AUTHENTICATION CODE | |
| Authentication code | premarc |
| 050 00 - LIBRARY OF CONGRESS CALL NUMBER | |
| Classification number | TC801 |
| Item number | .U2 no. 202 |
| 051 ## - LIBRARY OF CONGRESS COPY, ISSUE, OFFPRINT STATEMENT | |
| Classification number | GB125 |
| Item number | .U59 no. 56 |
| Copy information | Copy 2 |
| 110 2# - MAIN ENTRY--CORPORATE NAME | |
| Corporate name or jurisdiction name as entry element | Geological Survey (U.S.) |
| 245 10 - TITLE STATEMENT | |
| Title | Surface water supply for Hudson, Passaic, Raritan, and Delaware river drainages, 1906. |
| Statement of responsibility, etc. | H.K. Barrows and N.C. Grover, district hydrographers. |
| 260 ## - PUBLICATION, DISTRIBUTION, ETC. | |
| Place of publication, distribution, etc. | Washington, |
| Name of publisher, distributor, etc. | Govt. Print. Off., |
| Date of publication, distribution, etc. | 1907. |
| 300 ## - PHYSICAL DESCRIPTION | |
| Extent | iv, 77, ii p. |
| Other physical details | illus., II pl. (incl. fold. map) diagr. |
| Dimensions | 23 cm. |
| 490 0# - SERIES STATEMENT | |
| Series statement | U.S. Geological survey. Water-supply and irrigation paper |
| Volume/sequential designation | no. 202 |
| 490 0# - SERIES STATEMENT | |
| Series statement | P, Hydrographic progress reports, |
| Volume/sequential designation | 56 |
| 501 ## - WITH NOTE | |
| With note | TC801.U2 no. 56 with : Surface water supply of New England, 1906. Washington : Govt. Print. Off., 1907. Bound together subsequent to publication. |
| Institution to which field applies | DLC |
| 650 #0 - SUBJECT ADDED ENTRY--TOPICAL TERM | |
| Topical term or geographic name entry element | Water-supply |
| Geographic subdivision | Atlantic States. |
| 700 1# - ADDED ENTRY--PERSONAL NAME | |
| Personal name | Barrows, H. K. |
| Fuller form of name | (Harold Kilbrith), |
| Dates associated with a name | 1873-1954. |
| 700 1# - ADDED ENTRY--PERSONAL NAME | |
| Personal name | Grover, Nathan Clifford, |
| Dates associated with a name | 1868-1956. |
No items available.